000 00273 a2200085 4500
100 1 _aVojtik, M.S..
_eAutor
245 0 _aNizkovol'tnye tiristornye stabilizirovannye vyprjamiteli /
_cVojtik M.S..
710 2 _aEnergija.
_eWydawca
_4pbl
260 _aMoskva :
_bEnergija,
_c1978.
300 _a71 s.;
_c24 cm.
999 _c13635
_d13635